[Event "Arab Games (Women)"]
[Site "Doha"]
[Date "2011.12.16"]
[Round "4"]
[White "Ismail, Maha L"]
[Black "Hamza, Amira"]
[Result "0-1"]
[WhiteElo "1858"]
[BlackElo "1877"]
[PlyCount "102"]
[EventDate "2011.12.13"]
[EventType "team-swiss"]
[EventRounds "9"]
[EventCountry "QAT"]
[SourceTitle "CBM 145 Extra"]
[Source "ChessBase"]
[SourceDate "2012.01.03"]
[SourceVersion "1"]
[SourceVersionDate "2012.01.03"]
[SourceQuality "1"]
[WhiteTeam "Iraq (W)"]
[BlackTeam "Algeria (W)"]
[WhiteTeamCountry "IRQ"]
[BlackTeamCountry "ALG"]

1. Nf3 Nf6 2. c4 g6 3. Nc3 Bg7 4. g3 0-0 5. Bg2 d6 6. 0-0 e5 7. d3 Nc6 8. Nd2 Ne7 9. Nde4 Ne8 10. Rb1 f5 11. Nd2 g5 12. b4 Nf6 13. Nb3 h6 14. Bb2 Rb8 15. Nd5 Nfxd5 16. cxd5 Ng6 17. Qc2 Rf7 18. e4 f4 19. d4 f3 20. Bh1 g4 21. dxe5 Bxe5 22. Bxe5 Nxe5 23. Nd4 Bd7 24. Qd2 Qf6 25. Rfc1 c6 26. dxc6 Bxc6 27. Nxc6 Nxc6 28. b5 Nd4 29. Rc4 Ne2+ 30. Kf1 h5 31. Qe3 a6 32. bxa6 Ra8 33. axb7 Rxb7 34. Rxb7 Qa1+ 35. Rc1 Qxc1+ 36. Qxc1 Nxc1 37. Rb1 Nxa2 38. Ra1 Ra4 39. h3 Rd4 40. hxg4 hxg4 41. Re1 Nc3 42. e5 d5 43. Re3 Rd1+ 44. Re1 Rxe1+ 45. Kxe1 Ne4 46. Bxf3 gxf3 47. g4 d4 48. g5 Kf7 49. Kd1 Nxg5 50. Kc2 Ke6 51. Kd3 Kxe5 0-1

[Event "Arab Games (Women)"]
[Site "Doha"]
[Date "2011.12.14"]
[Round "2"]
[White "Ismail, Maha L"]
[Black "Emhemed, Inas"]
[Result "1-0"]
[WhiteElo "1858"]
[BlackElo "1486"]
[PlyCount "53"]
[EventDate "2011.12.13"]
[EventType "team-swiss"]
[EventRounds "9"]
[EventCountry "QAT"]
[SourceTitle "CBM 145 Extra"]
[Source "ChessBase"]
[SourceDate "2012.01.03"]
[SourceVersion "1"]
[SourceVersionDate "2012.01.03"]
[SourceQuality "1"]
[WhiteTeam "Iraq (W)"]
[BlackTeam "Libya (W)"]
[WhiteTeamCountry "IRQ"]
[BlackTeamCountry "LBY"]

1. d4 e6 2. c4 Nf6 3. Nc3 d5 4. Bg5 Be7 5. e3 Nbd7 6. Nf3 0-0 7. Bd3 dxc4 8. Bxc4 c5 9. 0-0 b6 10. Re1 Bb7 11. Bd3 Nd5 12. Bxe7 Qxe7 13. Nxd5 Bxd5 14. e4 Bb7 15. Rc1 Rac8 16. Bb5 cxd4 17. Rxc8 Bxc8 18. Qxd4 Qc5 19. Qa4 Ne5 20. Nxe5 Qxe5 21. Bc6 Qxb2 22. Qxa7 Qc3 23. Rd1 Qxc6 24. f3 Bb7 25. h3 Ra8 26. Qxa8+ Bxa8 27. Rd8+ 1-0